| 000 | 00375nam a2200145Ia 4500 | ||
|---|---|---|---|
| 008 | 150201s2013 xx 000 0 und d | ||
| 082 |
_a620.1 _bSHA |
||
| 100 | _aSharma,Irving H | ||
| 245 | _aEngineering mechanics statics and dynamics | ||
| 250 | _a4th Ed. | ||
| 260 |
_bPearson _aN.Delhi _c2013 |
||
| 300 | _a840p. | ||
| 700 | _aRao, G. Krishna Mohana | ||
| 942 |
_2ddc _cBK _01 |
||
| 999 |
_c5515 _d5515 |
||